| 000 | 00748nam a2200169Ia 4500 | ||
|---|---|---|---|
| 008 | 090711s9999 xx 000 0 und d | ||
| 082 | _b35571 | ||
| 100 | _aकुलकर्णी व्ही. एस. / गदगकर विजया | ||
| 245 | _aकमाल शहरी जमीन धारणा कायदा | ||
| 260 | _c1976 | ||
| 300 | _a72+37 | ||
| 600 | _aकुलकर्णी व्ही. एस. / गदगकर विजया | ||
| 630 | _aकमाल शहरी जमीन धारणा कायदा | ||
| 700 | _aकुलकर्णी व्ही. एस. / गदगकर विजया | ||
| 730 | _aकमाल शहरी जमीन धारणा कायदा | ||
| 942 | _cBOOK | ||
| 999 |
_c312973 _d312973 |
||